书目信息 |
| 题名: |
钢的快速分析
|
|
| 作者: | 冯难虎 编 | |
| 分册: | ||
| 出版信息: | 上海 上海科学技术出版社 1979 |
|
| 页数: | 293页 | |
| 开本: | 19cm | |
| 丛书名: | ||
| 单 册: | ||
| 中图分类: | TF701.3 | |
| 科图分类: | ||
| 主题词: | 炼钢-快速分析 , 快速分析-炼钢 | |
| 电子资源: | ||
| ISBN: | ||
| 000 | 00595nam0 2200229 45 | |
| 001 | 0179008211 | |
| 005 | 20060728154852.56 | |
| 010 | @dCNY0.77 | |
| 091 | @a15119.2004 | |
| 100 | @a19950801d1979 em y0chiy0121 ea | |
| 101 | 0 | @achi |
| 102 | @aCN@b310000 | |
| 105 | @ay z 000yy | |
| 200 | 10 | @a钢的快速分析@Agang de kuai su fen xi@f冯难虎编 |
| 210 | @a上海@c上海科学技术出版社@d1979 | |
| 215 | @a293页@d19cm | |
| 606 | @a炼钢-快速分析 | |
| 606 | @a快速分析-炼钢 | |
| 690 | @aTF701.3@v3 | |
| 701 | 0 | @a冯难虎@Afeng nan hu@4编 |
| 801 | 0 | @aCN@bTSSF@c20060728 |
| 905 | @a10447@dTF701.3@e11 | |
| 钢的快速分析/冯难虎编.-上海:上海科学技术出版社,1979 |
| 293页;19cm |
| ISBN :CNY0.77 |
| ● |
| 相关链接 |
|
|
|
|
正题名:钢的快速分析
索取号:TF701.3/11
 
预约/预借
| 序号 | 登录号 | 条形码 | 馆藏地/架位号 | 状态 | 备注 |
| 1 | 0438991 | 204389919 | 密集书库/ [索取号:TF701.3/11] | 在馆 | |
| 2 | 0439101 | 204391014 | 密集书库/ [索取号:TF701.3/11] | 在馆 |